| 000 | 01031nam a2200277 i 4500 | ||
|---|---|---|---|
| 003 | DO-SdBNP | ||
| 005 | 20260306091826.0 | ||
| 007 | ta | ||
| 008 | 230605b1948 dr a|||| |||| 00| 0 spa d | ||
| 040 |
_aDO-SdBNP _bspa _cBNPHU _erda |
||
| 082 | 4 | _222 | |
| 100 | 1 |
_aMieses Burgos, Franklin, _d1907-1976 _eautor _91952 |
|
| 245 | 1 | 0 |
_a6 cantos para una sola muerte / _cFranklín Miéses Burgos ; prólogo, Pedro René Contín Aybar ; ilustraciones, Gilberto Hernández Ortega. |
| 246 | _aSeis cantos para una sola muerte | ||
| 264 | 1 |
_aSanto Domingo : _bs.n., _c1948. |
|
| 300 |
_a43 páginas : _bilustraciones ; _c22 cm. |
||
| 336 |
_2rdacontent _atexto _btxt |
||
| 337 |
_2rdamedia _asin mediación _bn |
||
| 338 |
_2rdacarrier _avolumen _bnc |
||
| 500 | _aIncluye referencias bibliográficas y notas al pie de las páginas | ||
| 590 | _aInventariado, 2023/BT | ||
| 700 | 1 |
_aContín Aybar, Pedro René, _eprólogo _923772 |
|
| 700 | 1 |
_aHernández Ortega, Gilberto, _eilustraciones _911311 |
|
| 910 | _aBtavárez | ||
| 942 |
_2ddc _cLF2 |
||
| 999 |
_c53714 _d53714 |
||